Statistics for Country Shapes by Picture - Multiple Choice

Click here to take the quiz!

General Stats

  • This quiz has been taken 4,084 times
  • The average score is 10 of 15

Answer Stats

QuestionAnswer% Correct
Vietnam
86%
Cuba
81%
Sweden
81%
Thailand
75%
Mongolia
73%
Bosnia and Herzegovina
72%
Eritrea
69%
Belarus
65%
Haiti
63%
Uzbekistan
56%
Albania
54%
Antigua and Barbuda
49%
Guinea
49%
Togo
45%
Kenya
39%

Score Distribution

Percentile by Number Answered

Percent of People with Each Score

Your Score History

You have not taken this quiz